Návrh netradičných foriem komunikácie pre DM drogerie markt diplomová práca

Salvato in:
Dettagli Bibliografici
Autore principale: Svobodová, Lenka
Ente Autore: Obchodná fakulta EU. Katedra marketingu
Altri autori: Lukačovičová, Zuzana
Natura: Libro
Lingua:slovacco
Pubblicazione: Bratislava 2015
Tags: Aggiungi Tag
Nessun Tag, puoi essere il primo ad aggiungerne!!

MARC

LEADER 00000nbm a2200000 4500
001 0201421
005 20241202114610.8
041 0 |a slo 
044 |a SK 
245 1 0 |a Návrh netradičných foriem komunikácie pre DM drogerie markt  |b diplomová práca  |c Lenka Svobodová ; školiteľ: Zuzana Lukačovičová 
264 1 |a Bratislava  |c 2015 
300 |a 81 s. 
100 1 |a Svobodová, Lenka 
700 1 |a Lukačovičová, Zuzana 
710 2 |a Obchodná fakulta EU. Katedra marketingu